THINK SMALL THE TINIEST ART IN THE WORLD (Record no. 32083)
[ view plain ]
| 000 -LEADER | |
|---|---|
| fixed length control field | 00342nam a2200133Ia 4500 |
| 008 - FIXED-LENGTH DATA ELEMENTS--GENERAL INFORMATION | |
| fixed length control field | 240624s9999 xx 000 0 und d |
| 041 ## - LANGUAGE CODE | |
| Language code of text/sound track or separate title | eng |
| 082 ## - DEWEY DECIMAL CLASSIFICATION NUMBER | |
| Classification number | 700.9 KAT |
| 100 ## - MAIN ENTRY--PERSONAL NAME | |
| Personal name | KATZ EVA |
| 245 ## - TITLE STATEMENT | |
| Title | THINK SMALL THE TINIEST ART IN THE WORLD |
| 260 ## - PUBLICATION, DISTRIBUTION, ETC. | |
| Date of publication, distribution, etc. | 2018 |
| Place of publication, distribution, etc. | SAN FRANSISCO |
| Name of publisher, distributor, etc. | Chronicle Books |
| 300 ## - PHYSICAL DESCRIPTION | |
| Extent | 207 p.; 17 cm. |
| 365 ## - TRADE PRICE | |
| Currency code | |
| Price amount | 25 |
| Withdrawn status | Lost status | Damaged status | Not for loan | Home library | Current library | Shelving location | Date acquired | Total Checkouts | Full call number | Barcode | Date due | Date last seen | Date last checked out | Copy number | Price effective from | Koha item type |
|---|---|---|---|---|---|---|---|---|---|---|---|---|---|---|---|---|
| IMTN | IMTN | Rack 38-A | 03/03/2020 | 3 | 700.9 KAT | 32083 | 01/20/2026 | 01/10/2026 | 01/10/2026 | 75 | 06/24/2024 | Books |